TEXTBOOK OF PHYSIOLOGY [ VOL-2] (Record no. 7856)

MARC details
000 -LEADER
fixed length control field 00460nam a22001817a 4500
005 - DATE AND TIME OF LATEST TRANSACTION
control field 20251204143726.0
008 - FIXED-LENGTH DATA ELEMENTS--GENERAL INFORMATION
fixed length control field 220120b ||||| |||| 00| 0 eng d
020 ## - INTERNATIONAL STANDARD BOOK NUMBER
ISBN 978-81-7739-575-4
041 ## - LANGUAGE CODE
Language code of text/sound track or separate title eng
082 ## - DEWEY DECIMAL CLASSIFICATION NUMBER
Classification number 612 JAI-T
100 ## - MAIN ENTRY--AUTHOR NAME
Personal name JAIN, A.K
245 ## - TITLE STATEMENT
Title TEXTBOOK OF PHYSIOLOGY [ VOL-2]
250 ## - EDITION STATEMENT
Edition statement 9TH, ED
260 ## - PUBLICATION, DISTRIBUTION, ETC. (IMPRINT)
Place of publication NEW DELHI
Name of publisher AVICHAL PUBLISHING COMPANY
300 ## - PHYSICAL DESCRIPTION
Number of Pages 1061;p
650 ## - SUBJECT ADDED ENTRY--TOPICAL TERM
Topical Term BPT/PARAMEDICAL
General subdivision BMIRT
942 ## - ADDED ENTRY ELEMENTS (KOHA)
Koha item type Books
Holdings
Lost status Damaged status Collection code Home library Current library Shelving location Date acquired Source of acquisition Cost, normal purchase price Full call number Accession Number Koha item type Serial Enumeration / chronology
    PHYSIOTHERAPY JRU Library JRU Library SHELF-28-B 20/01/2022 PURCHASE 1950.00 612 25941 Books  
    Reference JRU Library JRU Library SHELF-28-B 20/01/2022 PURCHASE 1950.00 612 25942 Books  
    PHYSIOTHERAPY JRU Library JRU Library SHELF-28-B 20/01/2022 PURCHASE 1950.00 612 25943 Books  
    PHYSIOTHERAPY JRU Library JRU Library SHELF-28-B 20/01/2022 PURCHASE 1950.00 612 25944 Books  
    PHYSIOTHERAPY JRU Library JRU Library SHELF-28-B 20/01/2022 PURCHASE 1950.00 612 25945 Books  
    PARAMEDICAL JRU Library JRU Library SHELF-105-C 01/12/2025 PURCHASE 2095.00 612 29142 Books LBI-000811/28-11-2025
    PARAMEDICAL JRU Library JRU Library SHELF-105-C 01/12/2025 PURCHASE 2095.00 612 29143 Books LBI-000811/28-11-2025
    PARAMEDICAL JRU Library JRU Library SHELF-105-C 01/12/2025 PURCHASE 2095.00 612 29144 Books LBI-000811/28-11-2025
    PARAMEDICAL JRU Library JRU Library SHELF-105-C 01/12/2025 PURCHASE 2095.00 612 29145 Books LBI-000811/28-11-2025
    PARAMEDICAL JRU Library JRU Library SHELF-105-C 01/12/2025 PURCHASE 2095.00 612 29146 Books LBI-000811/28-11-2025